=LDR 00000nam 2200000 4500 =001 INLIS000000000026776 =005 20130612125211 =008 ***********************************ind** =035 ##$$0010-061300000026776 =041 ##$$a ind =082 ##$$a 530.076 =090 ##$$a 530.076, FUA c =100 ##$$a Fuad, Ahmad =245 ##$$a Cepat menyelesaikan soal Fisika SMA, Ahmad Fuad, S.Si; penyunting, Tajudin =260 ##$$a 2004 $b Jakarta =300 ##$$a x, 210 hlm., ilus., 20 cm =650 ##$$a Fisika =650 ##$$a Tes dan Evaluasi =700 ##$$a Tajudin =850 ##$$a NBPNMAT